000 004700000a22001690004500
090 _aAR
_b00185
245 1 0 _aObservation on the sea-snake
650 1 4 _aReptiles
_992767
650 1 4 _aSerpientes
_993033
650 1 4 _aBiología
_992
650 1 4 _aMorfología
_992917
653 _fHydropiidae
_gLaticuada
_eLaticuada laticuadata
041 0 _aInglés
100 1 _aKlemmer, Konrad
_993050
942 _cARTICULO
773 1 _tInternational Zoo Yearbook
_387
_q229-231
_d1967
_g7
999 _c9286
_d9286